000 00760nam a2200253Ia 4500
003 OSt
005 20220926025130.0
006 a|||||r|||| 00| 0
007 ta
008 220923b |||||||| |||| 00| 0 eng d
020 _a019513038
037 _cGeneral Book
040 _aRTL
_cRTL
_beng
041 _2eng
_aeng
082 _aU475:(L:5)(:G:55), P4
100 _aPierce Jessica
_914192
245 0 _aThe Ethics of Environmentally responsible health care
260 _aOxford
_bOxford University Press
_c2004
300 _axiii;149p
_ccm.
500 _aBibliography P 127-146
700 _a Jameton Andrew
_9331942
942 _hU475:(L:5)(:G:55), P4
_cGB
_2CC
999 _c646387
_d646387